Nationalités les plus présentes en Ligue 1 2025-2026 - Statistiques

Statistiques générales
  • Ce quiz a été pris 212 fois
  • Le résultat moyen est 13 sur 16
Statistiques - réponses
Nombre Nationalité % Correct
254 France
99%
24 Maroc
95%
15 Algérie
94%
20 Sénégal
89%
14 Brésil
88%
12 Portugal
88%
7 Belgique
82%
7 Argentine
81%
7 Angleterre
79%
25 Côte d'Ivoire
76%
8 Suisse
72%
11 Mali
70%
10 Pays-Bas
70%
8 Cameroun
69%
7 République Démocratique du Congo
61%
7 Ghana
46%
Aucun quiz correspondant
Distribution des résultats
% des personnes avec chaque résultat
Percentile par nombre de réponses
Votre historique - résultats
Vous n’avez pas pris ce quiz